000 00294nam a22001337a 4500
008 180906b xxu||||| |||| 00| 0 eng d
020 _a9780855327408
041 _aeng
080 _a701
100 _a45
101 _aART
245 _aPainting With Pastels
_cJohnson.P.D
942 _2udc
_cBK
999 _c47578
_d47578